[Event "Malakoff op 9th"]
[Site "Malakoff"]
[Date "2010.04.17"]
[Round "1"]
[White "Giffard, Nicolas"]
[Black "Clementz, Joel"]
[Result "0-1"]
[WhiteElo "2361"]
[BlackElo "2075"]
[PlyCount "50"]
[EventDate "2010.04.17"]
[EventType "swiss"]
[EventRounds "9"]
[EventCountry "FRA"]
[SourceTitle "CBM 136 Extra"]
[Source "ChessBase"]
[SourceDate "2010.07.02"]
[SourceVersion "2"]
[SourceVersionDate "2010.07.15"]
[SourceQuality "1"]

1. Nf3 Nf6 2. c4 e6 3. d4 c5 4. d5 exd5 5. cxd5 d6 6. e4 g6 7. h3 Bg7 8. Bd3 0-0 9. 0-0 Re8 10. Re1 Nbd7 11. Nc3 a6 12. a4 Ne5 13. Nxe5 Rxe5 14. a5 Re8 15. Bf4 Qc7 16. Qd2 Nd7 17. Na4 b5 18. axb6 Nxb6 19. Qa5 Nxd5 20. Qxc7 Nxc7 21. Bxd6 Ne6 22. Nb6 Ra7 23. Nxc8 Rxc8 24. Rxa6 Rxa6 25. Bxa6 Rc6 0-1